01097cam a22003011 450000100090000000300080000900500170001700800410003401000170007503500180009204000350011008200130014510000310015824502420018926000470043130000330047849000490051150400410056065000180060165000200061965000270063965000240066665000280069065100250071874000200074394200130076399900190077610425796BD-DhUL20170330151425.0730330s1970 xx 000 0 eng  a 74912062  a(OCoLC)593948 aDLCcOClUdOCoLCdDLCdBD-DhUL a726bBUR1 aBurgess, James.d1832-191610aReport on the Elura cave temples and the Brahmanical and Jaina caves in western India :bcompleting the results of the fifth, sixth, and seventh seasons' operations of the Archaeological Survey, 1877-78, 1878-79, 1879-80 /cJas. Burgess. aVaranasi :bIndological Book House,c1970. avii, 89 p. :bill. ;c28 cm.0 aArchaeological survey of western India,vv.5 aIncludes bibliographical references. 0aCaveszIndia. 0aTempleszIndia. 0aInscriptions, Prakrit. 0aInscriptions, Pali. 0aInscriptions, Sanskrit. 0aEllora Caves (India)0 aCaves of Elura. 2ddccREF c170388d170388